000 00284nam a22001337a 4500
008 170714b xxu||||| |||| 00| 0 eng d
020 _a070373922
041 _aeng
080 _27TH
_a038
100 _a24
101 _aFJA
245 _a20.000 WORDS
_cLESLIE, L.A
942 _2udc
_cBK
999 _c20932
_d20932